00446nam a2200157Ia 4500003000400000008004100004040001600045082001300061100001900074245007700093700002200170260005400192300000900246650001400255650001900269GCL140319s9999 xx 000 0 eng d aGCL / cGCL04a301bH S1 aHUNT, ELGIN F10aSOCAL SCENCE: AN INTRODUCTION TO THE STUDY OF SOCIETY / cHUNT, ELGIN F1 aCOLANDER,DAVID C a[S.N] : bMACMILLAN PUBLBISHING COMPANY ، c1993 a716P04aSOCIOLOGY04aSOCIAL SCIENCE